000 00347 a2200157 4500
001 49269
040 _cAnchieta - Bela Vista
100 _aBandeira, Pedro
240 1 0 _aAlice no pais da mentira
_lpor
245 1 0 _aAlice no pais da mentira
300 _a88
362 0 _a2014
440 1 _aÁtica
650 4 _aLiteratura juvenil
942 _cBK
999 _c49269
_d49269